| 000 | 00619nam a2200229Ia 4500 | ||
|---|---|---|---|
| 999 |
_c1823 _d1823 |
||
| 007 | ta | ||
| 008 | 190719t2000 xxk|||||||||||||| ||und|| | ||
| 020 | _c£ 12.00 | ||
| 040 |
_aKO _beng |
||
| 041 | 0 | _aeng | |
| 082 | 0 | 4 |
_a616.0252 _bIn858 _223 |
| 110 | _aInternational Maritime Organization | ||
| 245 | 0 |
_aElementary First Aid / _cInternational Maritime Organization |
|
| 250 | _a2000 ed. | ||
| 260 |
_aLondon : _bInternational Maritime Organization , _c2000. |
||
| 300 |
_av, 60 p.; _c30 cm. |
||
| 490 |
_aModel Course ; _v1.13 |
||
| 650 | _aFirst aid | ||
| 904 | _aA_BOSE | ||
| 942 |
_2ddc _cBK |
||